[Event "Quebec-ch intercoll."]
[Site "Valleyfield CAN"]
[Date "1989.03.25"]
[Round "4"]
[White "Ouaknine, Joel"]
[Black "Fillion, Steve"]
[Result "1-0"]
[WhiteElo "1712"]
[BlackElo "1843"]
[PlyCount "95"]
[GameId "2160767912519591"]
[EventDate "1989.03.24"]
[EventType "swiss"]
[EventRounds "6"]
[EventCountry "CAN"]
[SourceTitle "hb 2013"]

1. e4 c6 2. d4 d5 3. Nc3 dxe4 4. Nxe4 Bf5 5. Ng3 Bg6 6. Nf3 Nd7 7. h4 h6 8. h5 Bh7 9. Bd3 Bxd3 10. Qxd3 Qc7 11. Bd2 e6 12. O-O-O Ngf6 13. Rhe1 O-O-O 14. Qb3 Bd6 15. Ne4 Nxh5 16. Nxd6+ Qxd6 17. Ne5 Qe7 18. g4 Nhf6 19. Bb4 Qe8 20. Nc4 Kb8 21. Bd6+ Ka8 22. Bc7 Qe7 23. Bd6 Qe8 24. Bc7 Qe7 25. Bxd8 Rxd8 26. f3 Nd5 27. Ne5 Nf8 28. c4 Nf4 29. Re4 N8g6 30. Nxg6 Nxg6 31. d5 cxd5 32. cxd5 Qg5+ 33. Kb1 Nf4 34. dxe6 Nxe6 35. Rxd8+ Qxd8 36. Re1 a6 37. Rd1 Qc7 38. Qc3 Qb6 39. Qc8+ Ka7 40. Qg8 Qc7 41. Qh7 Qf4 42. Qe4 Qc7 43. Rf1 Nf4 44. Qd4+ Ka8 45. Qxg7 Qc4 46. Rd1 Ne2 47. Qxh6 Nd4 48. Qh8+ 1-0

[Event "Quebec-ch intercoll."]
[Site "Valleyfield CAN"]
[Date "1989.03.16"]
[Round "5"]
[White "Poitras, Luc"]
[Black "Nault, Charles"]
[Result "1/2-1/2"]
[WhiteElo "2088"]
[BlackElo "1803"]
[PlyCount "56"]
[GameId "2160767912519593"]
[EventDate "1989.03.24"]
[EventType "swiss"]
[EventRounds "6"]
[EventCountry "CAN"]
[SourceTitle "hb 2013"]

1. e4 e5 2. Nf3 Nc6 3. Bb5 a6 4. Ba4 Nf6 5. O-O Be7 6. Qe2 b5 7. Bb3 O-O 8. c3 d5 9. d3 Bg4 10. h3 Bh5 11. Re1 d4 12. Bg5 Qd6 13. g4 Bg6 14. cxd4 Nxd4 15. Nxd4 Qxd4 16. Nc3 c6 17. Be3 Qd7 18. Rad1 c5 19. f3 Rfd8 20. Rd2 Rac8 21. Kg2 Qc7 22. Red1 h6 23. Rc2 Qd6 24. Bf2 Qd7 25. Bg3 Qd4 26. Bf2 Qd7 27. Bh4 Qd4 28. Bf2 Qd7 1/2-1/2

[Event "Quebec-ch intercoll."]
[Site "Valleyfield CAN"]
[Date "1989.03.26"]
[Round "5"]
[White "Dupuis, Stephane"]
[Black "Ouaknine, Joel"]
[Result "1-0"]
[WhiteElo "2117"]
[BlackElo "1712"]
[PlyCount "79"]
[GameId "2160767912519594"]
[EventDate "1989.03.24"]
[EventType "swiss"]
[EventRounds "6"]
[EventCountry "CAN"]
[SourceTitle "EXT 2022"]
[Source "ChessBase"]
[SourceDate "2021.10.06"]
[SourceVersion "1"]
[SourceVersionDate "2021.10.06"]
[SourceQuality "1"]

1. e4 e6 2. d4 d5 3. Nc3 Bb4 4. e5 c5 5. a3 Ba5 6. b4 cxd4 7. Nb5 Bc7 8. Nf3 Nc6 9. Bb2 Nge7 10. Bd3 a6 11. Nxc7+ Qxc7 12. O-O Ng6 13. Nxd4 Nf4 14. Nxc6 Nxd3 15. cxd3 Qxc6 16. Rc1 Qd7 17. Rc3 O-O 18. Qc2 b5 19. Rc7 Qd8 20. Qc6 a5 21. Rc1 Ba6 22. Bd4 Qxc7 23. Qxc7 Rac8 24. Kf1 Rxc7 25. Rxc7 axb4 26. Ra7 Bc8 27. axb4 f5 28. Bb6 Rf7 29. Ra8 Rf8 30. Ke2 Kf7 31. Ke3 Re8 32. Kd4 Bd7 33. Ra7 Ke7 34. Bc5+ Kd8 35. Bd6 g5 36. Ra8+ Bc8 37. Kc5 Rg8 38. Kxb5 Rg7 39. Kc6 h5 40. b5 1-0

[Event "Quebec-ch intercoll."]
[Site "Valleyfield CAN"]
[Date "1989.03.26"]
[Round "6"]
[White "Nault, Charles"]
[Black "Fillion, Steve"]
[Result "1/2-1/2"]
[WhiteElo "1803"]
[BlackElo "1843"]
[PlyCount "65"]
[GameId "2160767912519595"]
[EventDate "1989.03.24"]
[EventType "swiss"]
[EventRounds "6"]
[EventCountry "CAN"]
[SourceTitle "hb 2013"]

1. e4 c6 2. d4 d5 3. exd5 cxd5 4. c4 Nf6 5. Nc3 Nc6 6. Nf3 Bg4 7. Be2 dxc4 8. d5 Bxf3 9. Bxf3 Ne5 10. O-O g6 11. Re1 Nd3 12. Re2 Bg7 13. Qa4+ Qd7 14. Qxc4 Nxc1 15. Rxc1 O-O 16. Rce1 Rfe8 17. Qh4 Bf8 18. Qf4 Red8 19. g4 Rac8 20. g5 Ne8 21. Qh4 Nd6 22. Bg4 Rc4 23. Re4 Qc7 24. Rxc4 Qxc4 25. Qg3 b5 26. Bd1 b4 27. Bb3 Qd4 28. Na4 Rc8 29. Qe3 Qg4+ 30. Qg3 Qd4 31. Qe5 Qg4+ 32. Qg3 Qd4 33. Qe5 1/2-1/2

[Event "Quebec-ch qual."]
[Site "Montreal CAN"]
[Date "1989.03.31"]
[Round "1"]
[White "Arsenault, Nicolas"]
[Black "Morin, Louis"]
[Result "1/2-1/2"]
[WhiteElo "1656"]
[BlackElo "1940"]
[PlyCount "60"]
[GameId "2160767912519568"]
[EventDate "1989.03.31"]
[EventType "swiss"]
[EventRounds "5"]
[EventCountry "CAN"]
[SourceTitle "hb 2013"]

1. d4 d5 2. c4 e6 3. Nc3 c5 4. cxd5 exd5 5. Nf3 Nc6 6. g3 Nf6 7. Bg2 Be7 8. O-O O-O 9. dxc5 Bxc5 10. Bg5 Be6 11. Bxf6 Qxf6 12. Nxd5 Qxb2 13. Nc7 Rad8 14. Qc1 Qxc1 15. Raxc1 b6 16. Nxe6 fxe6 17. e3 h6 18. Rfd1 Rxd1+ 19. Rxd1 a5 20. Ng5 Rd8 21. Rxd8+ Nxd8 22. Ne4 Bb4 23. a4 Kf8 24. Bf1 Ke7 25. Bb5 e5 26. Kf1 Ke6 27. Ke2 Nb7 28. f3 Nd6 29. Nxd6 Kxd6 30. Kd3 Ke6 1/2-1/2

[Event "Quebec-ch qual."]
[Site "Montreal CAN"]
[Date "1989.03.31"]
[Round "1"]
[White "Zalys, Ignas"]
[Black "Destree, Frederic"]
[Result "0-1"]
[WhiteElo "1880"]
[BlackElo "1875"]
[PlyCount "134"]
[GameId "2160767912519569"]
[EventDate "1989.03.31"]
[EventType "swiss"]
[EventRounds "5"]
[EventCountry "CAN"]

1. e4 d6 2. d4 Nf6 3. Nc3 g6 4. Nf3 Bg7 5. Be2 O-O 6. O-O Nc6 7. Bg5 e5 8. dxe5 dxe5 9. Qxd8 Rxd8 10. Nd5 Nxd5 11. Bxd8 Nf4 12. Bxc7 Nxe2+ 13. Kh1 Bg4 14. Ne1 Bf8 15. f4 Nxf4 16. Bxe5 Nxe5 17. Rxf4 Bh6 18. Rf1 Nc4 19. Nd3 Ne3 20. Rf2 Re8 21. h3 Bd7 22. e5 Bc6 23. Re1 b6 24. Rfe2 Nf5 25. Kh2 Nd4 26. Rf2 Bg5 27. c3 Ne6 28. g3 Rd8 29. Nb4 Bb7 30. Nc2 Nc5 31. h4 Nd3 32. hxg5 Nxf2 33. Nd4 a6 34. e6 fxe6 35. Rxe6 b5 36. Re7 Bd5 37. Ra7 Ra8 38. Rd7 Bxa2 39. Nc6 Be6 40. Re7 Bd5 41. Ne5 Ne4 42. Ng4 Rd8 43. Ra7 Ra8 44. Rd7 Bc4 45. Re7 Nxg5 46. Nf6+ Kf8 47. Rc7 Be6 48. g4 Rd8 49. Kg3 h6 50. Kf4 Nf7 51. Ra7 Bc8 52. b3 Rd3 53. Rc7 Be6 54. b4 Rd8 55. Rc6 Rd6 56. Rc7 Rd8 57. Ne4 g5+ 58. Kg3 Rd3+ 59. Kh2 Bxg4 60. Nc5 Rd6 61. Kg3 h5 62. Ne4 Rd3+ 63. Kh2 Bf5 64. Nc5 Rd2+ 65. Kg1 Ra2 66. Nb3 h4 67. c4 h3 0-1

[Event "Quebec-ch qual."]
[Site "Montreal CAN"]
[Date "1989.04.01"]
[Round "2"]
[White "Forget, Luc"]
[Black "Charest, Johanne"]
[Result "1-0"]
[WhiteElo "1826"]
[BlackElo "1535"]
[PlyCount "85"]
[GameId "2160767912519570"]
[EventDate "1989.03.31"]
[EventType "swiss"]
[EventRounds "5"]
[EventCountry "CAN"]

1. e4 e5 2. Nf3 Nc6 3. Bb5 a6 4. Ba4 Nf6 5. O-O Be7 6. Re1 b5 7. Bb3 O-O 8. c3 d6 9. h3 Bb7 10. d4 Na5 11. Bc2 exd4 12. cxd4 Re8 13. b3 Bf8 14. Nbd2 Nc6 15. a3 Ne7 16. Nf1 Ng6 17. Ng3 h6 18. Ra2 a5 19. Bd3 Bc6 20. d5 Bd7 21. Nd4 b4 22. f4 bxa3 23. Rxa3 c6 24. Nf3 cxd5 25. exd5 Qb6+ 26. Kh2 Nxd5 27. Bxg6 Nc3 28. Bxf7+ Kxf7 29. Qd3 Nb5 30. Qd5+ Be6 31. Rxe6 Rxe6 32. f5 Rae8 33. fxe6+ Rxe6 34. Rxa5 Qxa5 35. Nd4 Qe1 36. Nxe6 Qxe6 37. Qxb5 d5 38. Ne2 Bd6+ 39. Bf4 Be5 40. g3 Bxf4 41. Nxf4 Qe1 42. Qxd5+ Kf8 43. Ng6+ 1-0

[Event "Quebec-ch qual."]
[Site "Montreal CAN"]
[Date "1989.04.01"]
[Round "2"]
[White "Morin, Louis"]
[Black "Glass, Martin"]
[Result "1/2-1/2"]
[WhiteElo "1940"]
[BlackElo "1645"]
[PlyCount "115"]
[GameId "2160767912519572"]
[EventDate "1989.03.31"]
[EventType "swiss"]
[EventRounds "5"]
[EventCountry "CAN"]
[SourceTitle "hb 2013"]

1. e4 c6 2. d4 d5 3. Nc3 dxe4 4. Nxe4 Nd7 5. Qe2 e6 6. Bf4 Ndf6 7. Nxf6+ Nxf6 8. Nf3 Bd6 9. Bxd6 Qxd6 10. g3 b6 11. Bg2 Bb7 12. O-O c5 13. Rad1 O-O 14. Rfe1 Rfd8 15. c3 Rac8 16. Qe3 cxd4 17. Rxd4 Qc7 18. Red1 h6 19. a3 Kf8 20. Ne5 Bxg2 21. Kxg2 Rd5 22. Rxd5 Nxd5 23. Qe2 Rd8 24. Rd4 Nf6 25. Qc4 Qb7+ 26. f3 Rxd4 27. Qxd4 Qd5 28. Qxd5 Nxd5 29. Kf2 Ke8 30. c4 Ne7 31. Ke3 f6 32. Nd3 Kd7 33. b4 Nf5+ 34. Ke4 g5 35. c5 Kc7 36. g4 Ne7 37. a4 bxc5 38. Nxc5 Kd6 39. Nd3 f5+ 40. Kd4 Nc6+ 41. Kc4 fxg4 42. fxg4 e5 43. Nc5 Nd4 44. Ne4+ Kc6 45. Nf6 Nf3 46. h3 Ng1 47. Ng8 Nxh3 48. Nxh6 Nf2 49. b5+ Kb6 50. Nf7 Nxg4 51. Kb4 e4 52. a5+ Kc7 53. Nxg5 e3 54. Ne6+ Kb7 55. Nd4 Ne5 56. Kc3 a6 57. b6 Nd7 58. Kd3 1/2-1/2

[Event "Quebec-ch qual."]
[Site "Montreal CAN"]
[Date "1989.04.01"]
[Round "3"]
[White "Charest, Johanne"]
[Black "Wattelle, Alain"]
[Result "1-0"]
[WhiteElo "1535"]
[BlackElo "1144"]
[PlyCount "109"]
[GameId "2160767912519573"]
[EventDate "1989.03.31"]
[EventType "swiss"]
[EventRounds "5"]
[EventCountry "CAN"]

1. e4 e6 2. d4 d5 3. e5 c5 4. c3 c4 5. Nf3 Ne7 6. b3 Qc7 7. bxc4 dxc4 8. Qa4+ Bd7 9. Qxc4 Nbc6 10. Nbd2 Nd5 11. Ne4 Rc8 12. Bd2 b5 13. Qd3 Na5 14. Rc1 Nc4 15. Nfg5 h6 16. Nh3 Qa5 17. Rc2 b4 18. cxb4 Nxb4 19. Qb3 Nxc2+ 20. Qxc2 Nxd2 21. Qxd2 Qxd2+ 22. Kxd2 Bb4+ 23. Kd3 Rc1 24. Ng3 O-O 25. Be2 Rc3+ 26. Ke4 Bc6+ 27. Kf4 Bxg2 28. Rb1 a5 29. Ng1 g5+ 30. Kg4 h5+ 31. Kxg5 Kh7 32. Kxh5 Rg8 33. Rd1 Rg7 34. Bd3+ Kh8 35. Kh6 Bf8 36. Kh5 Rc8 37. f4 Be7 38. Bb1 Rc3 39. Bd3 Ra3 40. Bb1 Bf3+ 41. Nxf3 Rxf3 42. f5 Rf4 43. f6 Bxf6 44. exf6 Rgg4 45. Kh6 Rh4+ 46. Nh5 Rfg4 47. d5 e5 48. d6 Rg8 49. Rd5 e4 50. Bxe4 Rxe4 51. Ng7 Rh4+ 52. Kg5 Rxh2 53. Rxa5 Rd2 54. Kf4 Rxd6 55. Rh5# 1-0

[Event "Quebec-ch qual."]
[Site "Montreal CAN"]
[Date "1989.04.01"]
[Round "3"]
[White "Glass, Martin"]
[Black "Zalys, Ignas"]
[Result "1/2-1/2"]
[WhiteElo "1645"]
[BlackElo "1880"]
[PlyCount "99"]
[GameId "2160767912519574"]
[EventDate "1989.03.31"]
[EventType "swiss"]
[EventRounds "5"]
[EventCountry "CAN"]

1. e4 c5 2. Nf3 Nc6 3. d4 cxd4 4. Nxd4 Nf6 5. Nc3 e5 6. Ndb5 d6 7. Bg5 a6 8. Na3 b5 9. Nd5 Be7 10. Bxf6 Bxf6 11. c3 Bg5 12. Be2 O-O 13. O-O f5 14. exf5 Bxf5 15. Bd3 e4 16. Be2 Ne5 17. Nc2 Bh6 18. Nce3 Be6 19. a4 Bxe3 20. Nxe3 Qb6 21. Qd2 Qc5 22. Rfd1 Rad8 23. axb5 Bb3 24. Rf1 axb5 25. Ra3 Bc4 26. Nxc4 bxc4 27. b4 cxb3 28. Rxb3 Rb8 29. Rxb8 Rxb8 30. Rd1 Rd8 31. Qd5+ Qxd5 32. Rxd5 Kf7 33. c4 Ke6 34. Rd4 Kf5 35. h3 g6 36. g4+ Kf4 37. Kg2 Nc6 38. Rd5 e3 39. c5 dxc5 40. Rxc5 Nd4 41. fxe3+ Kxe3 42. Bf1 Rd7 43. Rc3+ Kf4 44. Rd3 h5 45. gxh5 gxh5 46. Kf2 Rd6 47. Be2 h4 48. Bf3 Nf5 49. Rxd6 Nxd6 50. Kg2 1/2-1/2

[Event "Quebec-ch qual."]
[Site "Montreal CAN"]
[Date "1989.04.01"]
[Round "3"]
[White "Piche, Guy"]
[Black "Morin, Louis"]
[Result "0-1"]
[WhiteElo "1608"]
[BlackElo "1940"]
[PlyCount "38"]
[GameId "2160767912519575"]
[EventDate "1989.03.31"]
[EventType "swiss"]
[EventRounds "5"]
[EventCountry "CAN"]
[SourceTitle "hb 2013"]

1. c4 e6 2. Nf3 d5 3. cxd5 exd5 4. d4 c5 5. dxc5 Bxc5 6. e3 Nf6 7. Nc3 O-O 8. Be2 Nc6 9. O-O Re8 10. Nb5 Bg4 11. Bd2 Qe7 12. Bc3 Ne4 13. Bd4 Nxd4 14. Nbxd4 Bxf3 15. Nxf3 Nxf2 16. Kxf2 Qxe3+ 17. Ke1 d4 18. a3 d3 19. Qd2 dxe2 0-1

[Event "Quebec-ch qual."]
[Site "Montreal CAN"]
[Date "1989.04.02"]
[Round "4"]
[White "Morin, Louis"]
[Black "Sauve, Richard"]
[Result "1/2-1/2"]
[WhiteElo "1940"]
[BlackElo "1806"]
[PlyCount "77"]
[GameId "2160767912519576"]
[EventDate "1989.03.31"]
[EventType "swiss"]
[EventRounds "5"]
[EventCountry "CAN"]
[SourceTitle "hb 2013"]

1. e4 d6 2. d4 Nf6 3. Nc3 g6 4. f4 Bg7 5. Nf3 O-O 6. Bd3 Nc6 7. e5 dxe5 8. dxe5 Nd5 9. Nxd5 Qxd5 10. Qe2 Bf5 11. Bxf5 gxf5 12. Be3 e6 13. c3 Rfd8 14. Kf2 Na5 15. b3 Nc6 16. Rad1 Qa5 17. c4 Rxd1 18. Rxd1 Rd8 19. Rxd8+ Nxd8 20. Qd3 Nc6 21. Qd7 h6 22. Qc8+ Bf8 23. Qxb7 Qxa2+ 24. Kg3 Na5 25. Qxa7 Qxb3 26. Bc5 Bxc5 27. Qxc5 Nxc4 28. Qxc7 Qb4 29. Qd8+ Qf8 30. Qxf8+ Kxf8 31. Kh4 Kg7 32. Kh5 Ne3 33. g3 Nf1 34. g4 fxg4 35. Kxg4 Ne3+ 36. Kg3 Nf5+ 37. Kh3 Ne3 38. Kg3 Nf5+ 39. Kh3 1/2-1/2

[Event "Quebec-ch qual."]
[Site "Montreal CAN"]
[Date "1989.04.02"]
[Round "4"]
[White "Parent, Francois"]
[Black "Charest, Johanne"]
[Result "0-1"]
[WhiteElo "1809"]
[BlackElo "1535"]
[PlyCount "34"]
[GameId "2160767912519577"]
[EventDate "1989.03.31"]
[EventType "swiss"]
[EventRounds "5"]
[EventCountry "CAN"]

1. e4 e5 2. Nf3 Nc6 3. d4 exd4 4. Bc4 Bb4+ 5. c3 dxc3 6. bxc3 Ba5 7. Qb3 Qe7 8. O-O Nf6 9. Ba3 d6 10. e5 Nxe5 11. Nxe5 Qxe5 12. Bxf7+ Kf8 13. Bc1 c5 14. f4 Qe4 15. Bd2 Bb6 16. Kh1 Bh3 17. Rf3 Qe2 0-1

[Event "Quebec-ch qual."]
[Site "Montreal CAN"]
[Date "1989.04.02"]
[Round "4"]
[White "Zalys, Ignas"]
[Black "Beauchamp, Serge"]
[Result "1-0"]
[WhiteElo "1880"]
[BlackElo "1740"]
[PlyCount "103"]
[GameId "2160767912519578"]
[EventDate "1989.03.31"]
[EventType "swiss"]
[EventRounds "5"]
[EventCountry "CAN"]

1. e4 c5 2. c3 Nc6 3. d4 cxd4 4. cxd4 e6 5. Nf3 a6 6. Nc3 Bb4 7. Bd3 d5 8. e5 Bd7 9. O-O Nge7 10. a3 Ba5 11. b4 Bb6 12. Be3 Rc8 13. Qd2 Na7 14. Rac1 Bc6 15. Qc2 Bb5 16. g4 Bxd3 17. Qxd3 Qd7 18. Nd2 Nac6 19. f4 Ng6 20. Nf3 O-O 21. f5 exf5 22. gxf5 Nge7 23. Ng5 h6 24. e6 Qe8 25. exf7+ Rxf7 26. Nxf7 Qxf7 27. f6 gxf6 28. Rc2 Rf8 29. Rg2+ Kh8 30. Bxh6 Bxd4+ 31. Kh1 Rg8 32. Ne2 Rxg2 33. Kxg2 Be5 34. Bf4 Qg7+ 35. Kh1 d4 36. Rf3 Ng6 37. Rh3+ Kg8 38. Rg3 Kf7 39. Qc4+ Ke7 40. Qc5+ Ke6 41. Qc4+ Kd7 42. Qd5+ Ke8 43. Qe4 Kf7 44. Rg1 Qh7 45. Bxe5 fxe5 46. Qf5+ Kg7 47. Ng3 Nce7 48. Nh5+ Kh8 49. Qf6+ Kg8 50. Qxe5 Qf7 51. Qe4 Nf5 52. Nf4 1-0

[Event "Quebec-ch qual."]
[Site "Montreal CAN"]
[Date "1989.04.02"]
[Round "5"]
[White "Gladu, Pierre"]
[Black "Zalys, Ignas"]
[Result "1/2-1/2"]
[WhiteElo "1890"]
[BlackElo "1880"]
[PlyCount "100"]
[GameId "2160767912519579"]
[EventDate "1989.03.31"]
[EventType "swiss"]
[EventRounds "5"]
[EventCountry "CAN"]

1. e4 c5 2. Nf3 Nc6 3. d4 cxd4 4. Nxd4 Nf6 5. Nc3 e5 6. Ndb5 d6 7. Bg5 a6 8. Bxf6 gxf6 9. Na3 b5 10. Nd5 f5 11. Bd3 Be6 12. c3 Rg8 13. g3 Bxd5 14. exd5 Ne7 15. Nxb5 Qb8 16. Na3 Nxd5 17. Qa4+ Ke7 18. Bxf5 Qxb2 19. O-O Nxc3 20. Qd7+ Kf6 21. Bxh7 Rh8 22. Nc4 Qb5 23. Qf5+ Kg7 24. Qd3 Rxh7 25. Qxc3 Rc8 26. Rfc1 Be7 27. Qb3 Qd7 28. h4 Qg4 29. Ne3 Rxc1+ 30. Rxc1 Qg6 31. Kf1 Bg5 32. Rc6 Bxe3 33. Qxe3 Qb1+ 34. Kg2 Rh6 35. Qb6 Qxa2 36. Qxa6 Qd5+ 37. Kg1 Rf6 38. Qb6 Qd1+ 39. Kg2 Qf3+ 40. Kg1 Qd3 41. Qe3 Qxe3 42. fxe3 Kg6 43. Kg2 Kf5 44. Rc4 d5 45. g4+ Kg6 46. Rc2 Rd6 47. Rf2 f6 48. Kg3 Rd7 49. Rf1 Rd8 50. Rf2 Rd7 1/2-1/2

[Event "Quebec-ch qual."]
[Site "Montreal CAN"]
[Date "1989.04.02"]
[Round "5"]
[White "Singher, Jean-Pierre"]
[Black "Charest, Johanne"]
[Result "1-0"]
[WhiteElo "1833"]
[BlackElo "1535"]
[PlyCount "61"]
[GameId "2160767912519580"]
[EventDate "1989.03.31"]
[EventType "swiss"]
[EventRounds "5"]
[EventCountry "CAN"]

1. d4 d5 2. c4 c6 3. Nf3 Nf6 4. Nc3 e6 5. e3 Nbd7 6. Bd3 dxc4 7. Bxc4 Bd6 8. O-O O-O 9. Qe2 e5 10. dxe5 Nxe5 11. Nxe5 Bxe5 12. h3 Bf5 13. e4 Bd7 14. f4 Bd4+ 15. Kh1 b5 16. Bd3 Re8 17. Qf3 b4 18. Ne2 Bb6 19. b3 Qe7 20. e5 Nd5 21. Bb2 Ne3 22. Ng3 Qh4 23. f5 Rad8 24. Rfe1 Nd5 25. Re4 Qe7 26. f6 gxf6 27. exf6 Qf8 28. Qh5 Rxe4 29. Bxe4 h6 30. Nf5 Bxf5 31. Qxf5 1-0

[Event "Quebec-ch qual. 2"]
[Site "Montreal CAN"]
[Date "1989.04.14"]
[Round "1"]
[White "Chabot, Denis"]
[Black "Morin, Louis"]
[Result "1/2-1/2"]
[WhiteElo "1614"]
[BlackElo "1920"]
[PlyCount "113"]
[GameId "2160767912519535"]
[EventDate "1989.04.14"]
[EventType "swiss"]
[EventRounds "5"]
[EventCountry "CAN"]
[SourceTitle "hb 2013"]

1. d4 d5 2. c4 e6 3. Nc3 c5 4. Nf3 Nc6 5. Bf4 dxc4 6. d5 Nb4 7. d6 a6 8. a3 Nc6 9. e4 b5 10. e5 f6 11. Ne4 fxe5 12. Nxe5 Nxe5 13. Bxe5 Nf6 14. Nxf6+ gxf6 15. Qh5+ Kd7 16. Qf7+ Kc6 17. Bxf6 Qa5+ 18. Ke2 Bh6 19. Rd1 Rf8 20. d7 Rxf7 21. d8=N+ Qxd8 22. Bxd8 Rd7 23. Ba5 Rxd1 24. Kxd1 Ra7 25. g3 Rd7+ 26. Kc2 Rd6 27. Bg2+ Kd7 28. f4 Bg7 29. Re1 Bd4 30. b3 cxb3+ 31. Kxb3 c4+ 32. Kc2 Bc5 33. Bb4 Bxb4 34. axb4 h6 35. Bh3 Ke7 36. f5 Kf6 37. fxe6 Bxe6 38. Bg2 Bf5+ 39. Kc1 Rd3 40. Bb7 Rc3+ 41. Kd2 Rc2+ 42. Ke3 Rxh2 43. Bxa6 Bd7 44. Rd1 Ke6 45. Kd4 Rh5 46. Bb7 Kd6 47. Rf1 Rf5 48. Rxf5 Bxf5 49. Bf3 Bd7 50. Bh5 Ke6 51. Bg6 Kf6 52. Be4 Kg5 53. Bf3 h5 54. Ke3 h4 55. gxh4+ Kxh4 56. Kd4 Kg3 57. Bd5 1/2-1/2

[Event "Quebec-ch qual. 2"]
[Site "Montreal CAN"]
[Date "1989.04.15"]
[Round "2"]
[White "Morin, Louis"]
[Black "Charest, Johanne"]
[Result "1-0"]
[WhiteElo "1920"]
[BlackElo "1524"]
[PlyCount "69"]
[GameId "2160767912519536"]
[EventDate "1989.04.14"]
[EventType "swiss"]
[EventRounds "5"]
[EventCountry "CAN"]

1. e4 e5 2. Nf3 Nc6 3. Bb5 a6 4. Bxc6 dxc6 5. O-O Bd6 6. d4 Bg4 7. dxe5 Bxf3 8. Qxf3 Bxe5 9. c3 Nf6 10. Be3 Qd7 11. Bf4 Bd6 12. e5 O-O-O 13. exd6 cxd6 14. Bg5 Qe6 15. Nd2 Rde8 16. Qh3 Qxh3 17. gxh3 Nd5 18. Rfe1 h6 19. Be3 Rhg8 20. h4 f5 21. Nf3 Kc7 22. Bd2 b5 23. Rxe8 Rxe8 24. Re1 Rxe1+ 25. Nxe1 c5 26. Nd3 Kd7 27. Nf4 Nf6 28. h5 c4 29. f3 Ke7 30. Kf2 Kd7 31. Be3 Ke7 32. Bd4 Ne8 33. Ke3 Kd7 34. Ng6 Ke6 35. Kf4 1-0

[Event "Quebec-ch qual. 2"]
[Site "Montreal CAN"]
[Date "1989.04.15"]
[Round "3"]
[White "Gersho, Jack"]
[Black "Morin, Louis"]
[Result "0-1"]
[WhiteElo "1777"]
[BlackElo "1920"]
[PlyCount "72"]
[GameId "2160767912519538"]
[EventDate "1989.04.14"]
[EventType "swiss"]
[EventRounds "5"]
[EventCountry "CAN"]
[SourceTitle "hb 2013"]

1. d4 d5 2. c4 e6 3. Nf3 c5 4. cxd5 exd5 5. Nc3 Nc6 6. g3 Nf6 7. Bg2 Be7 8. O-O O-O 9. Re1 Re8 10. Bg5 Be6 11. Qd2 Ne4 12. Bxe7 Qxe7 13. Nxe4 dxe4 14. Ng5 Nxd4 15. Nxe4 Rad8 16. Qc3 b6 17. e3 Nb5 18. Qc1 Bd5 19. Nc3 Nxc3 20. Qxc3 Bxg2 21. Kxg2 Qe4+ 22. f3 Qd3 23. Qxd3 Rxd3 24. Rad1 Red8 25. Rxd3 Rxd3 26. Kf2 f6 27. Ke2 Rd7 28. Rd1 Rxd1 29. Kxd1 Kf7 30. e4 Ke6 31. f4 Kd6 32. Kc2 c4 33. Kc3 Kc5 34. e5 fxe5 35. fxe5 b5 36. b4+ Kd5 0-1

[Event "Quebec-ch qual. 2"]
[Site "Montreal CAN"]
[Date "1989.04.16"]
[Round "4"]
[White "Morin, Louis"]
[Black "Auger, Bertrand"]
[Result "0-1"]
[WhiteElo "1920"]
[BlackElo "1934"]
[PlyCount "90"]
[GameId "2160767912519539"]
[EventDate "1989.04.14"]
[EventType "swiss"]
[EventRounds "5"]
[EventCountry "CAN"]
[SourceTitle "hb 2013"]

1. e4 e6 2. d4 d5 3. e5 c5 4. Qg4 cxd4 5. Nf3 Nc6 6. Bd3 Bd7 7. O-O Qc7 8. Re1 O-O-O 9. a3 f5 10. Qg3 h6 11. h4 g5 12. hxg5 hxg5 13. Bxg5 Be7 14. Bxe7 Ngxe7 15. Ng5 Rdg8 16. f4 Ng6 17. Nd2 Rh4 18. Nh3 Rg4 19. Qh2 Nh4 20. Re2 Rxg2+ 21. Rxg2 Rxg2+ 22. Qxg2 Nxg2 23. Kxg2 Qb6 24. b4 Nd8 25. Nb3 Bb5 26. Ng5 Qc6 27. Rc1 Bc4 28. Nxd4 Qb6 29. Ngf3 Qa6 30. Bxc4 dxc4 31. Rh1 c3 32. Ra1 b5 33. Rd1 Qxa3 34. Nxb5 Qa2 35. Nd6+ Kb8 36. Nd4 Qd5+ 37. Kf2 Nc6 38. Nxc6+ Qxc6 39. b5 Qc5+ 40. Ke2 Qb4 41. Ke3 Qa4 42. Rd4 Qxc2 43. Rc4 Qd2+ 44. Kf3 Qd3+ 45. Kf2 Qxc4 0-1

[Event "Quebec-ch qual. 2"]
[Site "Montreal CAN"]
[Date "1989.04.16"]
[Round "4"]
[White "Plante, Gilles"]
[Black "Charest, Johanne"]
[Result "0-1"]
[WhiteElo "1633"]
[BlackElo "1524"]
[PlyCount "70"]
[GameId "2160767912519540"]
[EventDate "1989.04.14"]
[EventType "swiss"]
[EventRounds "5"]
[EventCountry "CAN"]

1. d4 d5 2. c4 c6 3. Nc3 Nf6 4. Qc2 e6 5. Nf3 Be7 6. Bf4 O-O 7. e3 Re8 8. Bd3 dxc4 9. Bxc4 Nbd7 10. Ne5 h6 11. h3 Nf8 12. O-O-O Bd7 13. e4 b5 14. Bb3 a5 15. Qd3 Qb6 16. Be3 Qb7 17. f4 a4 18. Bc2 Reb8 19. f5 exf5 20. exf5 Nd5 21. Nxd5 cxd5 22. Ng4 Qb6 23. Rdf1 Bd8 24. Ne5 Be8 25. g4 b4 26. g5 hxg5 27. Rhg1 b3 28. axb3 axb3 29. Bb1 Rc8+ 30. Kd1 f6 31. Ng6 Nxg6 32. fxg6 Ra1 33. Bxg5 fxg5 34. Qf5 Qxd4+ 35. Ke2 Qxb2+ 0-1

[Event "Quebec-ch qual. 2"]
[Site "Montreal CAN"]
[Date "1989.04.16"]
[Round "5"]
[White "Charest, Johanne"]
[Black "Boily, Bertrand"]
[Result "0-1"]
[WhiteElo "1524"]
[BlackElo "1666"]
[PlyCount "60"]
[GameId "2160767912519541"]
[EventDate "1989.04.14"]
[EventType "swiss"]
[EventRounds "5"]
[EventCountry "CAN"]

1. e4 c5 2. Nf3 d6 3. d4 cxd4 4. Nxd4 Nf6 5. Nc3 g6 6. Be2 Bg7 7. Be3 O-O 8. g4 Nc6 9. Nxc6 bxc6 10. h4 Qa5 11. Bd2 Qb6 12. g5 Nd7 13. Rb1 f6 14. gxf6 Bxf6 15. Be3 Qb4 16. a3 Bxc3+ 17. bxc3 Qxe4 18. Rh2 Ne5 19. h5 Ng4 20. Rb4 Qe5 21. Rg2 Nxe3 22. fxe3 Bh3 23. Rf2 Rxf2 24. Kxf2 Rf8+ 25. Bf3 Qh2+ 26. Ke1 Qg3+ 27. Kd2 Rxf3 28. hxg6 Rf2+ 29. Kd3 Qxg6+ 30. e4 Qg3+ 0-1

[Event "Quebec-ch qual. 2"]
[Site "Montreal CAN"]
[Date "1989.04.16"]
[Round "5"]
[White "Nolet, Luc"]
[Black "Morin, Louis"]
[Result "0-1"]
[WhiteElo "1604"]
[BlackElo "1920"]
[PlyCount "110"]
[GameId "2160767912519542"]
[EventDate "1989.04.14"]
[EventType "swiss"]
[EventRounds "5"]
[EventCountry "CAN"]
[SourceTitle "hb 2013"]

1. e4 d5 2. exd5 Qxd5 3. Nc3 Qa5 4. Nf3 Bg4 5. Be2 Nc6 6. O-O O-O-O 7. d3 Nf6 8. Bd2 e5 9. a3 Bxf3 10. Bxf3 Nd4 11. Bg4+ Nxg4 12. Qxg4+ f5 13. Qd1 Qa6 14. Ne2 Nxe2+ 15. Qxe2 e4 16. Bg5 Rd7 17. Rfe1 h6 18. Bf4 exd3 19. cxd3 Qxd3 20. Qe8+ Rd8 21. Qf7 Qd7 22. Qxd7+ Rxd7 23. Re8+ Rd8 24. Rae1 g5 25. Bd2 Rh7 26. Bc3 Rf7 27. g3 Rxe8 28. Rxe8+ Kd7 29. Re5 Bd6 30. Re2 f4 31. g4 f3 32. Rd2 Rf4 33. h3 Ke6 34. Rd3 Kf7 35. Kf1 Kg6 36. Re3 h5 37. gxh5+ Kxh5 38. Re8 Rf8 39. Re6 Rf7 40. Re8 Bf4 41. Rh8+ Kg6 42. h4 Rh7 43. Rxh7 Kxh7 44. hxg5 Kg6 45. Ke1 Bxg5 46. Kd1 Bf6 47. Bxf6 Kxf6 48. Kd2 Kf5 49. Ke3 Kg4 50. Ke4 c5 51. a4 b6 52. b3 a6 53. Ke3 b5 54. axb5 a5 55. Kd3 Kh3 0-1